000 00535nam a2200181 i 4500
001 67704
003 ES-MaACL
007 t|
008 040203s1953 sp ||||1| cat d
100 1 _aGalmés, Salvador.
_953659
245 1 0 _aNovel-letes rurals /
_cSalvador Galmés.
260 _a[Palma de Mallorca] :
_bMoll,
_c1953 (
_fMiramar)
300 _a125 p. ;
_c15 cm.
490 1 _aBiblioteca les illes d'or ;
_v52
830 0 _aBiblioteca les illes d'or ;
_v52
_9181514
852 _aES-MaACL
_jC-9361
_bR.34601
999 _c67704
_d67704